[Event "Landesliga Sued 1617"]
[Site "Bayern"]
[Date "2017.04.02"]
[Round "8.5"]
[White "Darr, Thomas"]
[Black "Parashchenko, Oleg"]
[Result "1/2-1/2"]
[WhiteElo "2061"]
[BlackElo "2066"]
[PlyCount "73"]
[EventDate "2016.10.16"]
[EventType "team-tourn"]
[EventRounds "9"]
[EventCountry "GER"]
[SourceTitle "EXT 2019"]
[Source "ChessBase"]
[SourceDate "2018.10.10"]
[SourceVersion "1"]
[SourceVersionDate "2018.10.10"]
[SourceQuality "1"]
[WhiteTeam "Dillingen"]
[BlackTeam "Freising"]
[WhiteTeamCountry "GER"]
[BlackTeamCountry "GER"]

1. d4 d5 2. c4 e6 3. Nf3 c5 4. Nc3 Nc6 5. Bg5 Be7 6. Bxe7 Ngxe7 7. dxc5 Qa5 8. e3 Qxc5 9. cxd5 exd5 10. Bd3 Bg4 11. 0-0 Bxf3 12. Qxf3 0-0 13. Rfd1 Rfd8 14. Rac1 Qb4 15. Qe2 Rac8 16. a3 Qh4 17. Bb1 d4 18. g3 Qh3 19. exd4 Rxd4 20. Be4 Rcd8 21. Nb5 R4d7 22. Bg2 Qf5 23. Rxd7 Qxd7 24. Re1 a6 25. Nc3 h6 26. h3 Qc7 27. Kh2 Rd6 28. Nd5 Nxd5 29. Bxd5 Rf6 30. Rc1 Qb6 31. Kg2 g6 32. Bxc6 bxc6 33. Rc2 Qb5 34. Qxb5 cxb5 35. Rc8+ Kg7 36. Ra8 h5 37. Ra7 1/2-1/2

[Event "Landesliga Sued 1516"]
[Site "Bayern"]
[Date "2015.12.13"]
[Round "4.5"]
[White "Darr, Thomas"]
[Black "Hartl, Aldo"]
[Result "1-0"]
[WhiteElo "2061"]
[BlackElo "2105"]
[PlyCount "145"]
[EventDate "2015.10.11"]
[EventType "team-tourn"]
[EventRounds "9"]
[EventCountry "GER"]
[SourceTitle "EXT 2018"]
[Source "ChessBase"]
[SourceDate "2017.10.13"]
[SourceVersion "1"]
[SourceVersionDate "2017.10.13"]
[SourceQuality "1"]
[WhiteTeam "Dillingen"]
[BlackTeam "Trostberg"]
[WhiteTeamCountry "GER"]
[BlackTeamCountry "GER"]

1. d4 Nf6 2. Nf3 g6 3. g3 Bg7 4. Bg2 0-0 5. 0-0 c5 6. c4 cxd4 7. Nxd4 Nc6 8. Nc3 Nxd4 9. Qxd4 d6 10. b3 d5 11. Bb2 Ne4 12. Qd3 Nxc3 13. Bxc3 Bf5 14. Qf3 Be4 15. Qe3 Bxg2 16. Bxg7 Bxf1 17. Bxf8 Qxf8 18. Rxf1 dxc4 19. bxc4 e6 20. Rd1 Qe7 21. Rd4 Rc8 22. Qd2 Qc5 23. Rh4 h5 24. Qb2 Qc7 25. Rd4 b6 26. Qd2 Qc5 27. Rf4 Qe7 28. Qe3 Rc5 29. Rd4 e5 30. Rd5 Rxd5 31. cxd5 Qd6 32. Qd3 f5 33. e4 fxe4 34. Qxe4 Kf7 35. Kg2 b5 36. Qd3 a6 37. Kf3 Ke7 38. Ke4 Qf6 39. Qa3+ Qd6 40. Qe3 Kf6 41. h4 Qb4+ 42. Kf3 Qg4+ 43. Kg2 Qd4 44. Qg5+ Kf7 45. Qd8 Qe4+ 46. Kh2 Qf5 47. Qc7+ Kg8 48. Qa7 Qf7 49. Qc5 e4 50. Kg1 e3 51. fxe3 Qf3 52. Qd4 Qxg3+ 53. Kf1 Qf3+ 54. Ke1 Qg3+ 55. Kd1 Qf3+ 56. Kc2 Qe2+ 57. Kb3 Qg4 58. Kc3 a5 59. d6 b4+ 60. Kd3 Qd1+ 61. Kc4 Qxd4+ 62. Kxd4 Kf7 63. e4 Ke6 64. e5 a4 65. Kc4 b3 66. axb3 a3 67. Kc3 g5 68. hxg5 h4 69. g6 a2 70. Kb2 a1Q+ 71. Kxa1 h3 72. g7 Kf7 73. d7 1-0

[Event "Landesliga Sued 1516"]
[Site "Bayern"]
[Date "2015.10.11"]
[Round "1.6"]
[White "Unger, Michael"]
[Black "Darr, Thomas"]
[Result "1/2-1/2"]
[WhiteElo "2053"]
[BlackElo "2061"]
[PlyCount "102"]
[EventDate "2015.10.11"]
[EventType "team-tourn"]
[EventRounds "9"]
[EventCountry "GER"]
[SourceTitle "EXT 2018"]
[Source "ChessBase"]
[SourceDate "2017.10.13"]
[SourceVersion "1"]
[SourceVersionDate "2017.10.13"]
[SourceQuality "1"]
[WhiteTeam "Muenchen 36"]
[BlackTeam "Dillingen"]
[WhiteTeamCountry "GER"]
[BlackTeamCountry "GER"]

1. d4 g6 2. Nf3 Bg7 3. c3 d6 4. Bg5 Nf6 5. Nbd2 0-0 6. e4 c5 7. dxc5 dxc5 8. Bc4 Nc6 9. Qe2 Na5 10. Bd3 Be6 11. 0-0 Qc7 12. Nc4 Nc6 13. Ne3 Rfd8 14. Rfd1 Ng4 15. Bc4 Bxc4 16. Qxc4 Nce5 17. Nxe5 Qxe5 18. Nxg4 Qxg5 19. Ne3 e6 20. g3 Qh5 21. Kg2 Bh6 22. f4 g5 23. g4 Qh4 24. f5 exf5 25. exf5 Bf8 26. h3 Bd6 27. Nf1 h5 28. Re1 Re8 29. Re4 Rxe4 30. Qxe4 hxg4 31. Qxg4 Qxg4+ 32. hxg4 Be5 33. Rd1 Rc8 34. Rd5 Bf4 35. Kf3 Kf8 36. Rd7 Rc7 37. Rxc7 Bxc7 38. Ne3 Ke7 39. Ke4 Kd6 40. Nc4+ Kd7 41. Kd5 b5 42. Nd2 c4 43. Ne4 Bf4 44. Kc5 a6 45. Kb6 Be3+ 46. Kxa6 Kc6 47. Ka5 Kd5 48. Nf6+ Kc6 49. a4 Bb6+ 50. Kb4 Bc5+ 51. Ka5 Bb6+ 1/2-1/2

[Event "Oberliga Bayern 1415"]
[Site "Germany"]
[Date "2015.03.15"]
[Round "8.6"]
[White "Darr, Thomas"]
[Black "Grabert, Ralf"]
[Result "1-0"]
[WhiteElo "2096"]
[BlackElo "2239"]
[PlyCount "57"]
[EventDate "2014.10.19"]
[EventType "team-tourn"]
[EventRounds "9"]
[EventCountry "GER"]
[SourceTitle "EXT 2016"]
[Source "ChessBase"]
[SourceDate "2015.10.08"]
[SourceVersion "1"]
[SourceVersionDate "2015.10.08"]
[SourceQuality "1"]
[WhiteTeam "Dillingen"]
[BlackTeam "Kareth Lappersdorf"]
[WhiteTeamCountry "GER"]
[BlackTeamCountry "GER"]

1. d4 Nf6 2. Nf3 e6 3. g3 c5 4. Bg2 cxd4 5. Nxd4 d5 6. 0-0 e5 7. Nb3 Nc6 8. Bg5 Be6 9. Bxf6 gxf6 10. Nc3 d4 11. Ne4 Bxb3 12. axb3 f5 13. Nd2 e4 14. e3 Qf6 15. exd4 Nxd4 16. c3 Ne6 17. Qe2 a6 18. Bh3 h5 19. Ra5 b5 20. Rxb5 Ng7 21. Bxf5 Nxf5 22. Nxe4 Qe7 23. Rxf5 Rh6 24. Re5 Qxe5 25. Nf6+ Rxf6 26. Qxe5+ Re6 27. Qxh5 Rb8 28. Rd1 Rbb6 29. Qd5 1-0

[Event "Oberliga Bayern 1213"]
[Site "Bayern"]
[Date "2012.11.11"]
[Round "2.7"]
[White "Darr, Thomas"]
[Black "Heimrath, Reiner"]
[Result "1-0"]
[WhiteElo "2094"]
[BlackElo "2229"]
[PlyCount "151"]
[EventDate "2012.10.14"]
[EventType "team-tourn"]
[EventRounds "9"]
[EventCountry "GER"]
[SourceTitle "EXT 2015"]
[Source "ChessBase"]
[SourceDate "2014.11.20"]
[SourceVersion "1"]
[SourceVersionDate "2014.11.20"]
[SourceQuality "1"]
[WhiteTeam "Dillingen"]
[BlackTeam "Nuernberg NT"]
[WhiteTeamCountry "GER"]
[BlackTeamCountry "GER"]

1. d4 g6 2. Nf3 Bg7 3. g3 d6 4. Bg2 Nd7 5. c4 e5 6. Nc3 Ne7 7. 0-0 0-0 8. e4 h6 9. Be3 Nc6 10. Qd2 Kh7 11. dxe5 Ndxe5 12. Nxe5 Nxe5 13. b3 Bh3 14. Bd4 Bxg2 15. Kxg2 c5 16. Bxe5 dxe5 17. Qxd8 Raxd8 18. Nd5 f5 19. f3 Rd7 20. a3 Kg8 21. b4 Kf7 22. Rab1 Rc8 23. Rbc1 Ke6 24. Rfd1 Rd6 25. Rd3 cxb4 26. axb4 Ra6 27. Rc2 Bf8 28. c5 Ra1 29. Rdc3 Re1 30. Rc4 g5 31. Kf2 Rb1 32. Ne3 fxe4 33. fxe4 Be7 34. Kg2 h5 35. g4 hxg4 36. Nxg4 Re1 37. Kf2 Rb1 38. Ne3 Rh8 39. Kg3 Rb3 40. R2c3 Rb1 41. Rc1 Rb3 42. R1c3 Rxc3 43. Rxc3 Rf8 44. Nd5 Rf1 45. c6 bxc6 46. Rxc6+ Bd6 47. Ne3 Re1 48. Nc4 Rxe4 49. Rxd6+ Kf5 50. Rc6 Rg4+ 51. Kf3 Rf4+ 52. Ke2 g4 53. Ne3+ Kg5 54. Rc4 e4 55. Rc7 a6 56. Rc5+ Kg6 57. Rc6+ Kh5 58. Rxa6 Rf8 59. Re6 Ra8 60. Rxe4 Ra2+ 61. Kd3 Rxh2 62. Rxg4 Rb2 63. Kc3 Re2 64. Rg3 Kh4 65. Rf3 Kg5 66. b5 Re1 67. Kb4 Rb1+ 68. Kc5 Rb3 69. b6 Kg6 70. Kc6 Rc3+ 71. Kd7 Rb3 72. Kc7 Rc3+ 73. Kb8 Ra3 74. b7 Rc3 75. Ng4 Rc5 76. Ra3 1-0

[Event "Staufer op 23rd"]
[Site "Leinzell"]
[Date "2011.01.05"]
[Round "8"]
[White "Gruenter, Martin"]
[Black "Darr, Thomas"]
[Result "1/2-1/2"]
[WhiteElo "2210"]
[BlackElo "2031"]
[PlyCount "77"]
[EventDate "2011.01.02"]
[EventType "swiss"]
[EventRounds "9"]
[EventCountry "GER"]
[SourceTitle "CBM 140 Extra"]
[Source "ChessBase"]
[SourceDate "2011.03.01"]
[SourceVersion "1"]
[SourceVersionDate "2011.03.01"]
[SourceQuality "1"]

1. e4 g6 2. d4 Bg7 3. Nc3 d6 4. Bc4 a6 5. Nf3 b5 6. Bb3 h6 7. 0-0 Bb7 8. Qe2 Nd7 9. Rd1 e6 10. a4 b4 11. Nb1 Ne7 12. c3 bxc3 13. bxc3 c5 14. Nbd2 0-0 15. Ba3 Qc7 16. Rab1 Rab8 17. h3 Rfd8 18. Qe3 Ba8 19. Ne1 Rbc8 20. Nd3 cxd4 21. cxd4 Nc6 22. Nf3 Nf6 23. Rdc1 Qd7 24. Bd1 Na5 25. Nd2 Bf8 26. Bb4 Nc6 27. Bc3 Bg7 28. Nb4 Nxb4 29. Bxb4 Rxc1 30. Rxc1 Qb7 31. Ba5 Rc8 32. Rb1 Qc6 33. Rb6 Qc1 34. Rb1 Qc6 35. f3 Nd7 36. Qd3 Kh7 37. Kf2 e5 38. Bb3 exd4 39. Bd5 1/2-1/2

[Event "Staufer op 23rd"]
[Site "Leinzell"]
[Date "2011.01.02"]
[Round "2"]
[White "Latzke, Boris Alexander"]
[Black "Darr, Thomas"]
[Result "1/2-1/2"]
[WhiteElo "2245"]
[BlackElo "2031"]
[PlyCount "93"]
[EventDate "2011.01.02"]
[EventType "swiss"]
[EventRounds "9"]
[EventCountry "GER"]
[SourceTitle "CBM 140 Extra"]
[Source "ChessBase"]
[SourceDate "2011.03.01"]
[SourceVersion "1"]
[SourceVersionDate "2011.03.01"]
[SourceQuality "1"]

1. d4 g6 2. e4 Bg7 3. Nc3 d6 4. Be3 a6 5. f4 b5 6. Bd3 Bb7 7. Nf3 Nd7 8. 0-0 c5 9. e5 Nh6 10. exd6 exd6 11. Bf2 0-0 12. Be4 Bxe4 13. Nxe4 Qc7 14. c3 Ng4 15. Qd3 Nxf2 16. Rxf2 Nf6 17. Nxf6+ Bxf6 18. Ng5 cxd4 19. cxd4 Qc4 20. Rd1 Qxd3 21. Rxd3 Rfe8 22. g3 Rac8 23. Kg2 Kg7 24. Rfd2 Bxg5 25. fxg5 h6 26. gxh6+ Kxh6 27. Ra3 Ra8 28. Rc2 Re4 29. Rd3 d5 30. Kf3 Rae8 31. h4 R8e6 32. b4 f5 33. Rc5 Rd6 34. Rc7 g5 35. hxg5+ Kxg5 36. Rc5 Kg6 37. Rd2 Kg5 38. a3 Kg6 39. Rc8 Kg7 40. Rdc2 Rxd4 41. R2c7+ Kf6 42. Rc6 Ke6 43. Re8+ Kd7 44. Rcc8 Rc4 45. Rcd8+ Kc7 46. Rc8+ Kd7 47. Rcd8+ 1/2-1/2

[Event "Oberliga Bayern 0910"]
[Site "Bayern"]
[Date "2010.02.28"]
[Round "7.8"]
[White "Bolduan, Sebastian"]
[Black "Darr, Thomas"]
[Result "1-0"]
[WhiteElo "2082"]
[BlackElo "2030"]
[PlyCount "81"]
[EventDate "2009.10.18"]
[EventType "team-tourn"]
[EventRounds "9"]
[EventCountry "GER"]
[SourceTitle "EXT 2011"]
[Source "ChessBase"]
[SourceDate "2010.11.26"]
[SourceVersion "1"]
[SourceVersionDate "2010.11.26"]
[SourceQuality "1"]
[WhiteTeam "Nuernberg NT II"]
[BlackTeam "Dillingen"]
[WhiteTeamCountry "GER"]
[BlackTeamCountry "GER"]

1. e4 g6 2. d4 Bg7 3. Nc3 d6 4. Be3 a6 5. a4 b6 6. Bc4 Bb7 7. f3 Nd7 8. Nge2 c5 9. Qd2 Rc8 10. Bd5 Qc7 11. 0-0 cxd4 12. Bxd4 Ngf6 13. Rad1 0-0 14. Bb3 Nc5 15. Ng3 Nxb3 16. cxb3 Nd7 17. Qf2 Bxd4 18. Rxd4 Nc5 19. b4 Ne6 20. Rd2 Bc6 21. f4 Ng7 22. f5 Ne8 23. fxg6 hxg6 24. h4 Nf6 25. h5 Kg7 26. Qe3 Nh7 27. Rdf2 Bb7 28. Nge2 g5 29. Qd4+ f6 30. Ng3 e6 31. h6+ Kg6 32. Qd1 Kxh6 33. Nh5 Kg6 34. Qg4 Rce8 35. Nf4+ Kf7 36. Nh5 Ke7 37. Ng7 Kf7 38. Nxe8 Rxe8 39. Qh5+ Kf8 40. Rxf6+ Nxf6 41. Rxf6+ 1-0

[Event "Oberliga Bayern 0910"]
[Site "Bayern"]
[Date "2010.01.24"]
[Round "5.7"]
[White "Darr, Thomas"]
[Black "Jahrsdoerfer, Gerd"]
[Result "1/2-1/2"]
[WhiteElo "2030"]
[BlackElo "2112"]
[PlyCount "81"]
[EventDate "2009.10.18"]
[EventType "team-tourn"]
[EventRounds "9"]
[EventCountry "GER"]
[SourceTitle "EXT 2011"]
[Source "ChessBase"]
[SourceDate "2010.11.26"]
[SourceVersion "1"]
[SourceVersionDate "2010.11.26"]
[SourceQuality "1"]
[WhiteTeam "Dillingen"]
[BlackTeam "Bad Koenigshofen"]
[WhiteTeamCountry "GER"]
[BlackTeamCountry "GER"]

1. d4 d5 2. c4 e6 3. Nf3 f5 4. g3 Nf6 5. Bg2 c6 6. Nbd2 Nbd7 7. 0-0 Bd6 8. b3 Qe7 9. Bb2 Ne4 10. Ne5 Nxd2 11. Qxd2 Nxe5 12. dxe5 Bc5 13. Bd4 Bxd4 14. Qxd4 b6 15. Rac1 0-0 16. cxd5 cxd5 17. Rc2 Bb7 18. Rfc1 Rfc8 19. Rxc8+ Rxc8 20. Rxc8+ Bxc8 21. e3 Qc5 22. Bf3 Ba6 23. h4 Bb5 24. Qb2 Kf7 25. Be2 Bxe2 26. Qxe2 g6 27. Qa6 Qc7 28. Kg2 h6 29. Qa4 g5 30. h5 a5 31. Qb5 g4 32. Kh2 Ke7 33. Kg2 Qc5 34. Qa6 Qc7 35. Qa8 Qxe5 36. Qb7+ Kf6 37. Qh7 Qe4+ 38. Kg1 Qb1+ 39. Kg2 Qe4+ 40. Kg1 Qb1+ 41. Kg2 1/2-1/2

[Event "GER-chT U20"]
[Site "Chemnitz"]
[Date "2009.12.29"]
[Round "6.4"]
[White "Hobusch, Alexander"]
[Black "Darr, Thomas"]
[Result "1/2-1/2"]
[WhiteElo "2128"]
[BlackElo "1987"]
[PlyCount "89"]
[EventDate "2009.12.27"]
[EventType "team-swiss"]
[EventRounds "7"]
[EventCountry "GER"]
[SourceTitle "EXT 2022"]
[Source "ChessBase"]
[SourceDate "2021.10.06"]
[SourceVersion "1"]
[SourceVersionDate "2021.10.06"]
[SourceQuality "1"]
[WhiteTeam "Bochum SG 1931 U20"]
[BlackTeam "Dillingen U20"]
[WhiteTeamCountry "GER"]
[BlackTeamCountry "GER"]

1. d4 g6 2. c4 Bg7 3. e4 d6 4. Nf3 e5 5. d5 Ne7 6. Nc3 f5 7. Bd3 0-0 8. Qc2 Na6 9. a3 Nc5 10. b4 fxe4 11. Nxe4 Nxe4 12. Bxe4 Nf5 13. 0-0 Bd7 14. Bd2 Qe7 15. Rac1 Rac8 16. c5 c6 17. Qb3 Kh8 18. Bg5 Bf6 19. dxc6 Bxc6 20. cxd6 Qxd6 21. Bxc6 Rxc6 22. Bxf6+ Qxf6 23. Rxc6 bxc6 24. Qb2 Nd4 25. Nxd4 exd4 26. Rd1 Rd8 27. f3 Kg7 28. Qe2 Rd5 29. Qe4 Kf7 30. Kf2 Qd6 31. Qh4 Kg7 32. Qg3 Qe7 33. Rd3 Qf7 34. Qg4 Qf6 35. Qe4 Qd6 36. h3 a5 37. Qe1 axb4 38. axb4 Rb5 39. Rb3 Qf6 40. Qe4 c5 41. Qd5 Rxb4 42. Rxb4 cxb4 43. Qb7+ Kh6 44. Qxb4 Qf4 45. Qe7 1/2-1/2

[Event "GER-chT U20"]
[Site "Arendsee"]
[Date "2008.12.29"]
[Round "5.5"]
[White "Darr, Thomas"]
[Black "Welke, Vincent"]
[Result "1-0"]
[WhiteElo "1972"]
[BlackElo "1722"]
[PlyCount "47"]
[EventDate "2008.12.27"]
[EventType "team-swiss"]
[EventRounds "7"]
[EventCountry "GER"]
[SourceTitle "CBM 128 Extra"]
[Source "ChessBase"]
[SourceDate "2009.03.05"]
[SourceVersion "2"]
[SourceVersionDate "2009.03.25"]
[SourceQuality "1"]
[WhiteTeam "Dillingen"]
[BlackTeam "Schott Mainz"]
[WhiteTeamCountry "GER"]
[BlackTeamCountry "GER"]

1. Nf3 Nf6 2. g3 g6 3. Bg2 Bg7 4. c4 d6 5. Nc3 0-0 6. d3 c5 7. 0-0 Nc6 8. Rb1 d5 9. cxd5 Nxd5 10. Qb3 Nc7 11. Bd2 e5 12. Na4 Ne6 13. Rfc1 Ncd4 14. Nxd4 cxd4 15. Bb4 Re8 16. Nc5 Qb6 17. Qa4 Qd8 18. Nxb7 Bxb7 19. Bxb7 a5 20. Bd2 Rb8 21. Bg2 Bf8 22. Qxa5 Qd6 23. b4 Rec8 24. b5 1-0

[Event "GER-chT U20"]
[Site "Kelheim"]
[Date "2007.12.30"]
[Round "7.5"]
[White "Sandring, Franz"]
[Black "Darr, Thomas"]
[Result "0-1"]
[WhiteElo "1543"]
[BlackElo "1899"]
[PlyCount "132"]
[EventDate "2007.12.27"]
[EventType "team-swiss"]
[EventRounds "7"]
[EventCountry "GER"]
[SourceTitle "EXT 2022"]
[Source "ChessBase"]
[SourceDate "2021.10.06"]
[SourceVersion "1"]
[SourceVersionDate "2021.10.06"]
[SourceQuality "1"]
[WhiteTeam "Leipzig Gohlis U20"]
[BlackTeam "Dillingen U20"]
[WhiteTeamCountry "GER"]
[BlackTeamCountry "GER"]

1. d4 Nf6 2. c4 c5 3. d5 e6 4. Nc3 exd5 5. cxd5 d6 6. Bg5 g6 7. Nf3 Bg7 8. e4 0-0 9. Bd3 Nbd7 10. 0-0 a6 11. a4 Qc7 12. Rc1 Rb8 13. b3 Re8 14. Re1 Ng4 15. h3 Nge5 16. Nxe5 Nxe5 17. f4 Nxd3 18. Qxd3 Bd4+ 19. Kh1 Qd7 20. Ne2 Bg7 21. Nc3 b5 22. e5 bxa4 23. Nxa4 h6 24. Bh4 Rb4 25. Rc4 Rxc4 26. Qxc4 Qf5 27. g4 Qd7 28. Nb6 Qb7 29. Nxc8 Qxc8 30. exd6 Rxe1+ 31. Bxe1 Bf8 32. b4 Bxd6 33. bxc5 Qxc5 34. Qxc5 Bxc5 35. Kg2 f5 36. Kf3 Kf7 37. Bc3 Be7 38. Be5 Bf6 39. Bd6 Ke8 40. Bb4 Kd7 41. Ke3 Be7 42. Bc3 Bc5+ 43. Kd3 Bd6 44. Ke3 Bc7 45. Bg7 h5 46. gxh5 gxh5 47. Bc3 a5 48. Bd2 a4 49. Kd4 a3 50. Kd3 a2 51. Bc3 Kd6 52. Kd4 Bb6+ 53. Kc4 Be3 54. Be5+ Kd7 55. Kb3 Bxf4 56. Bb2 Kd6 57. Kxa2 Kxd5 58. Bf6 Kc4 59. Kb2 Kd3 60. Kb3 Bg3 61. Bg5 f4 62. Bxf4 Bxf4 63. Kb4 Ke3 64. Kc3 Kf3 65. Kd3 Be3 66. Kc2 Kg3 0-1

[Event "GER-chT U20"]
[Site "Kelheim"]
[Date "2007.12.28"]
[Round "3.6"]
[White "Wiese, Phil"]
[Black "Darr, Thomas"]
[Result "0-1"]
[WhiteElo "1898"]
[BlackElo "1899"]
[PlyCount "126"]
[EventDate "2007.12.27"]
[EventType "team-swiss"]
[EventRounds "7"]
[EventCountry "GER"]
[SourceTitle "EXT 2022"]
[Source "ChessBase"]
[SourceDate "2021.10.06"]
[SourceVersion "1"]
[SourceVersionDate "2021.10.06"]
[SourceQuality "1"]
[WhiteTeam "Hamburger SK U20"]
[BlackTeam "Dillingen U20"]
[WhiteTeamCountry "GER"]
[BlackTeamCountry "GER"]

1. e4 c5 2. c3 Nf6 3. e5 Nd5 4. d4 cxd4 5. cxd4 e6 6. Bc4 Nb6 7. Bb3 d5 8. Nf3 Nc6 9. 0-0 Be7 10. Nc3 0-0 11. a3 f5 12. Ne1 g5 13. h3 Qe8 14. f4 Qg6 15. fxg5 Bxg5 16. Bxg5 Qxg5 17. Qd3 Rf7 18. Nf3 Qg3 19. Ne2 Qg6 20. Nf4 Qh6 21. Nd2 Rg7 22. Rf3 Bd7 23. Nf1 Kh8 24. Ne3 Ne7 25. Rc1 Rag8 26. Rc2 Rg3 27. Nf1 R3g7 28. Qd2 Ng6 29. Nxg6+ Rxg6 30. Qxh6 Rxh6 31. Rc7 Bc6 32. a4 Re8 33. Rg3 Rg6 34. Rf7 Kg8 35. Rf6 Rxg3 36. Nxg3 Bxa4 37. Bxa4 Nxa4 38. Nh5 Nxb2 39. Nf4 a5 40. Nxe6 a4 41. Nc5 a3 42. Rxf5 Rf8 43. Rg5+ Kh8 44. Rg3 Nc4 45. Nb3 Rf4 46. Rd3 Kg7 47. g3 Re4 48. Kf2 b6 49. Nd2 Nxd2 50. Rxa3 Nc4 51. Ra7+ Kg6 52. Rd7 Rxd4 53. e6 Re4 54. Rxd5 Rxe6 55. Rd4 b5 56. g4 Rd6 57. Re4 Rc6 58. h4 b4 59. Re7 b3 60. h5+ Kh6 61. Kg3 Kg5 62. Rxh7 b2 63. Rg7+ Kh6 0-1